| 000 | 00725nam a2200193 a 4500 | ||
|---|---|---|---|
| 005 | 20220725142443.0 | ||
| 008 | 991125s1950 mx 000 0 spa u | ||
| 035 | _aUPN01000004234 | ||
| 049 | _aLT | ||
| 050 | 4 |
_aLB1653 M6.1 _bV5.2 1950 |
|
| 100 | 1 | _aVidal, Esther | |
| 245 | 1 | 0 |
_aApuntes de geografía física : _bpara el primer curso de enseñanza secundaria / _cEsther Vidal. |
| 250 | _a16a ed. correg. y aum. | ||
| 260 |
_aMéxico : _bPorrúa, _c1950. |
||
| 300 | _a256 p., [2] h. pleg., [5] h. láms. | ||
| 500 | _a"Adaptada a los últimos programas oficiales con los datos más importantes acerca de la República Mexicana" | ||
| 650 | 4 |
_aGeografía física _xEstudio y enseñanza (Secundaria) _921662 |
|
| 905 | _aLibro | ||
| 999 |
_c4234 _d4234 |
||